Statistics for All the Geography I know-Africa Edition

Click here to take the quiz!

General Stats

  • This quiz has been taken 53 times
  • The average score is 90 of 139

Answer Stats

HintAnswer% Correct
City in EgyptAlexandria
95%
Country in Northern AfricaAlgeria
95%
Capital of the aboveAlgiers
95%
Capital of EgyptCairo
95%
Capital of NigeriaAbuja
91%
Capital of GhanaAccra
91%
Capital of EthiopiaAddis Ababa
91%
Capital of EritreaAsmara
91%
One of the South African capitalsPretoria
91%
Capital of NamibiaWindhoek
91%
Capital of Guinea _____Bissau
86%
One of the South African CapitalsBloemfontein
86%
Country in Eastern AfricaBurundi
86%
One of the South African capitalsCape Town
86%
Country/City in Eastern AfricaDjibouti
86%
City in EthiopiaHarar
86%
Biggest city in South AfricaJohannesburg
86%
Capital of South SudanJuba
86%
Country in Eastern AfricaKenya
86%
Capital of the Democratic Republic of the CongoKinshasa
86%
Biggest city in NigeriaLagos
86%
Capital of AngolaLuanda
86%
Country in Western AfricaMali
86%
Smaller island country in the Indian OceanMauritius
86%
Capital of SomaliaMogadishu
86%
Capital of LiberiaMonrovia
86%
Country in Southern AfricaMozambique
86%
Country in Southern AfricaNamibia
86%
Capital of the aboveNiamey
86%
Capital of MoroccoRabat
86%
Country at the bottom of AfricaSouth Africa
86%
Capital of LibyaTripoli
86%
South African language derived from DutchAfrikaans
82%
Capital of MadagascarAntananarivo
82%
Capital of MaliBamako
82%
Capital of the Central African RepublicBangui
82%
Capital of the Republic of the CongoBrazzaville
82%
Country in Western AfricaBurkina Faso
82%
City in MoroccoCasablanca
82%
Capital of SenegalDakar
82%
Biggest city in TanzaniaDar Es Salaam
82%
Country in Northern AfricaEgypt
82%
City in MoroccoFez
82%
Capital of Sierra LeoneFreetown
82%
Country/Gulf in Western AfricaGuinea
82%
Capital of ZimbabweHarare
82%
Capital of UgandaKampala
82%
Capital of RwandaKigali
82%
Capital of MalawiLilongwe
82%
Capital of ZambiaLusaka
82%
Country in Northern AfricaMorocco
82%
Capital of Burkina FasoOuagadougou
82%
Huge desert in Northern AfricaSahara
82%
Island country in the Gulf of GuineaSao Tome and Principe
82%
Country in Western AfricaSenegal
82%
Country on the Horn of AfricaSomalia
82%
Country in Western AfricaTogo
82%
Capital of GambiaBanjul
77%
Country in Western AfricaBenin
77%
Country in Southern AfricaEswatini
77%
Country on the Horn of Africa where I was bornEthiopia
77%
Country in Northern AfricaLibya
77%
City in EgyptLuxor
77%
Country in Western AfricaNiger
77%
Country in Western AfricaNigeria
77%
Capital of MauritaniaNouakchott
77%
Capital of BeninPorto Novo
77%
Country in Eastern AfricaRwanda
77%
Country in Eastern Africa where I live :)Tanzania
77%
City in Mali(Hint:Trading)Timbuktu
77%
Country in Southern AfricaZambia
77%
African island I live on :)Zanzibar
77%
City in South AfricaDurban
73%
Country on the Horn of AfricaEritrea
73%
Island country in the Indian OceanMadagascar
73%
Capital of the aboveMaputo
73%
City in the aboveMarrakesh/Marrakech
73%
Capital of EswatiniMbabane
73%
Capital of Cape VerdePraia
73%
Country in Western AfricaSierra Leone
73%
Capital of SeychellesVictoria
73%
Country in Southern AfricaZimbabwe
73%
Country/Lake in Western AfricaChad
68%
Island country in the Mozambique ChannelComoros
68%
Country in Central AfricaGabon
68%
Country in Western AfricaLiberia
68%
Country in Southern AfricaMalawi
68%
Capital of LesothoMaseru
68%
Country in Western AfricaMauritania
68%
Country in Eastern AfricaSouth Sudan
68%
Country in Eastern AfricaSudan
68%
River/Jungle in Central AfricaCongo
64%
Capital of Equatorial GuineaMalabo
64%
City in South AfricaPort Elizabeth
64%
Island country in the Atlantic OceanCape Verde/Cabo Verde
59%
Country in Western AfricaGambia
59%
City in EgyptPort Said
59%
City in LibyaBenghazi
55%
Capital of GuineaConakry
55%
City in EgyptGiza
55%
City in the aboveBujumbura
50%
Region of Northern AfricaMaghreb
50%
City in MoroccoTangier
45%
City in EgyptAswan
41%
City in NigeriaPort Harcourt
41%
City in SudanPort Sudan
41%
Region just South of the aboveSahel
41%
City in EgyptSuez
41%
Ancient Egyptian cityThebes
41%
City in ZimbabweBulawayo
36%
City in the Democratic Republic of the CongoMbuji Mayi
36%
City in NigeriaAba
32%
City in BeninCotonou
32%
City in MalawiBlantyre
27%
Angolan cityCabinda
27%
City in SomaliaHargeisa
27%
City in NigeriaJos
27%
Capital of Cote d'IvoireYamossoukro
27%
Region of EthiopiaAfar
23%
City in NigerAgadez
23%
Region of EthiopiaAmhara
23%
City in AngolaBenguela
23%
City inDouala
23%
City in AngolaHuambo
23%
Region of the Democratic Republic of the CongoKivu
23%
City in TanzaniaMwanza
23%
City in MauritaniaNouadhibou
23%
City in MoroccoSale
23%
British island territory in the Atlantic OceanSt Helena
23%
City in NamibiaWalvis Bay
23%
City in EgyptAsyut
18%
City in the aboveBobo Dioulasso
18%
City in South AfricaKimberley
18%
Region of the Democratic Republic of the CongoKongo
18%
City in MoroccoLaayoune
18%
City in MozambiqueNampula
18%
Region of EthiopiaOromia
18%
Region of CameroonAmbazonia
14%
City in NamibiaPelican Point
14%

Score Distribution

Percentile by Number Answered

Percent of People with Each Score

Your Score History

You have not taken this quiz